000 01694cam a22004574i 4500
003 PE-LiUPU
005 20250731173501.0
008 150616s1993 miu r 000 0 eng d
020 _a0664254896
035 _a(Sirsi) i9780664254896
040 _aPE-LiUPU
_bspa
_cPE-LiUPU
_erda
049 _aPRUA
082 0 4 _a225.6092
_bP26
_221
100 1 _aParker, Thomas Henry Louis,
_eautor.
245 1 0 _aCalvin's New Testament Commentaries /
_cThomas Henry Louis Parker.
264 1 _aLouisville, Kentucky :
_bWestminster/John Knox Press,
_c1993.
300 _a257 páginas ;
_c21 centímetros
336 _atext
_2rdacontent
337 _aunmediated
_2rdamedia
338 _avolume
_2rdacarrier
505 0 _aThe history of Calvin's Commentaries -- The revisions of 1551 and 1556 -- Early sixteenth-century methods -- Calvin's method and interpretation -- The New Testament Canon -- The Greek text -- The Latin text -- Prolegomena to exegesis.
526 _aSEG42
526 _aSEG41
526 _aSEG40
526 _aSEG39
526 _aP94
526 _aP87
526 _aP86
526 _aP85
526 _aP77
526 _aP76
526 _aP35
630 _aBiblia.
_pN.T.
_xComentarios.
910 _ajck
_bjvq
_cjck
942 _2ddc
_cBOOK
949 _a225.6092 P26
_wDEWEY
_c1
_i40289
_lCCODEBUL1
_mBUL
_r0
_sY
_tBOOK
_u2015-6-16
_xTEOLOGIA
_zUNKNOWN
_0COMPRA
_o.STAFF. Colección Teología
994 _aC0
_bPEPRU
596 _a1
999 _a225.6092 P26
_wDEWEY
_c58092
_i40289
_f2021-11-9
_g5
_lCCODEBUL1
_mBUL
_p37.00
_r0
_sY
_tBOOK
_u2015-6-16
_xTEOLOGIA
_PP35
_0COMPRA
_o.STAFF. Colección Teología
_d58092
980 _81
_gALBERTO SANCHEZ Responsable de Automatización